| 000 | 01287nam1a22002411i 4500 | ||
|---|---|---|---|
| 001 | rc\600638 | ||
| 005 | 20260406163018.0 | ||
| 035 | _a(NLR Aleph) 005949542 | ||
| 090 |
_a6752099 _c6752099 |
||
| 100 | _a20031121d1986 u |0rusy50 ca | ||
| 101 | 0 | _arus | |
| 102 | _aRU | ||
| 105 | _ay ||||||||| | ||
| 200 | 1 |
_aДИДАКТИЧЕСКИЕ материалы к практическим занятиям по математике для слушателей вечернего подготовительного отделения _e(Практ. занятия...) _fМ-во высш. и сред. спец. образования БССР, Белорус. политехн. ин-т. Каф. высш. математики № 2 _g[Сост. Л.В. Егорова и др.] |
|
| 210 |
_aМинск _cБПИ _d1986 |
||
| 215 | _d20 | ||
| 702 | 1 |
_4220 _aПопов _bГ. С. _cканд. техн. наук, гор. дело _gГеннадий Семенович _9237405 _3RU\NLR\AUTH\770237461 |
|
| 712 | 0 | 2 |
_aБелорусский политехнический институт _bКафедра высшей математики _cМинск _c2 _9363957 _3RU\NLR\AUTH\889934431 |
| 801 | 0 |
_aRU _bNLR _gpsbo |
|
| 801 | 1 |
_aRU _bELAR _2rusmarc |
|
| 852 |
_aNLR _j87-4/19966 |
||
| 942 | _cBOOK | ||